Регионална библиотека "Любен Каравелов" - Русе

Этюды по истории русского искусства (Запис номер 114753)

MARC детайли
000 -Лидер
Контролно поле с фиксирана дължина 01440nam a2200337 c 4500
003 - Код на организацията, давaща контролен номер
Контролно поле BLK
005 - Дата и час на последна редакция
Контролно поле 20240618005249.0
008 - Елементи от данни с фиксирана дължина
fixed length control field 180409b bul|||||r ||||||| ||bul||
010 ## - Наследен системен номер
LC control number KNG00120186000
040 ## - Източник на каталожния запис
Идентификатор на билиотеката - собственик на записа BLK
041 ## - Код за език
Код за езика на текст/звукозапис или на отделно заглавие Руски
Код за езика КДБФ Руски
080 ## - УДК
Текстов определител УДК История на изкуството (периоди и фази). Художествени стилове и влияния
УДК код - определител по УДК 7.03
УДК определител (470)
УДК - код + определител 7.03(470)
100 1# - Редна дума - Автор
Автор Алпатов, Михаил Владимирович
Авторска отговорност първи автор
R(LIN) 30900
139 ## - Редно поле
Редна дума Алпатов, Михаил Владимирович
Авторски знак Алп - А 57
245 10 - Сведения за заглавието
Заглавие Этюды по истории русского искусства
Подзаглавни данни Т. 1 - 2
Редно поле (дума) Михаил Владимирович Алпатов.
Том Т. 1
257 ## - Страна на издаване
Страна на създаване/издаване Русия
260 ## - Област на издателските данни
-- Москва
Име на издателя, разпространителя и проч. Искусство
Година на издаване 1967
300 ## - Физическа характеристика
Размери/Мащаб 24 см
380 ## - Жанр
Жанр Изкуство
650 #4 - Допълнително описание по предмет – тема
Основно описание – тема или топоним Изкуство - Русия
9 (RLIN) 308800
650 #7 - Допълнително описание по предмет – тема
Основно описание – тема или топоним Изкуство - история
Източник на редна или ключова дума
9 (RLIN) 156375
653 ## - Ключова дума – ненормативна
Ключова дума история на изкуството
653 ## - Ключова дума – ненормативна
Ключова дума руско изкуство
760 1# - Описание на основната серия
Редна дума на основното описание Алпатов, Михаил Владимирович
Място на издаване, издател и година 1967
Страници - том 214 с., 144 с. : с ил.
Заглавие Т. 1
852 ## - Местоположение
Форматна сигнатура Цб 43503
856 4# - Електронен адрес и достъп
Електронен формат pdf - файл
Път до файла /url/
856 4# - Електронен адрес и достъп
Електронен формат pdf - файл
Път до файла /url/
942 ## - АРТИКУЛИ
Вид на библиотечния материал Книги
Скрит в OPAC Не
944 ## - СЪЗДАВАНЕ И РЕДАКЦИЯ на ЗАПИСА
Създаване/Редакция Създаване
Дата на регистрацията/редакция 22.11.2010
Статус, дата на статуса CRON CRON
Служител, извършил регистрацията/редакцията
944 ## - СЪЗДАВАНЕ И РЕДАКЦИЯ на ЗАПИСА
Създаване/Редакция Редакция
Дата на регистрацията/редакция 22.11.2010
Статус, дата на статуса добави в АБ / 20.11.2010
Служител, извършил регистрацията/редакцията
999 ## - СИСТЕМНИ КОНТРОЛНИ НОМЕРА
Koha biblionumber 114753
Koha biblioitemnumber 114753
Наличности
Код за отписване Код за изгубен артикул Източник на класификационната схема Код за повреда Коз за рестрикции Код за отдаване Артикулен № Име на библиотеката - собственик Име на библиотеката, в която се намира в момента Статус (Текущо местоположение) Дата на вписване в системата Местоположение - отдел Цена в лева Инвентарен номер Систематично азбучна сигнатура Баркод Номер на екземпляра Цена в евро Служебна бележка Служебен тип на артикула
  Не е изгубен Universal Decimal Classification Не е повреден без рестрикции заемане за дома 184106 Регионална библиотека "Любен Каравелов" Русе Регионална библиотека "Любен Каравелов" Русе Отдел Изкуство - подръчен фонд 1967-01-01 Отдел Изкуство - подръчен фонд 2.00 13797/67 7.03/А 57 900000003941 1 1.02 N: стар фонд Дата: 01.01.1967 Дата инв: 05.06.2012 Бележки инв: * Книги
Vip Innovations Ltd, Rousse, Bulgaria 2025